[Event "ODJM A 2017"]
[Site "Willingen GER"]
[Date "2017.06.07"]
[Round "6"]
[White "Wanner, Lukas"]
[Black "Ciolek, Andreas"]
[Result "1/2-1/2"]
[Termination "normal"]
[Board "4"]
[WhiteElo "2002"]
[BlackElo "2184"]
[WhiteClock "00:28:54"]
[BlackClock "00:13:55"]
[PlyCount "65"]
[WhiteFideId "12918148"]
[BlackFideId "12906727"]
[EventCountry "GER"]
[EventRounds "9"]
[EventType "swiss"]
[EventDate "2017.06.03"]

1. e4 {[%clk 1:30:57]} 1... c5 {[%clk 1:30:45]} 2. Nf3 {[%clk 1:31:21]} 2... d6
{[%clk 1:31:00]} 3. Bb5+ {[%clk 1:31:45]} 3... Nd7 {[%clk 1:31:26]} 4. O-O {
[%clk 1:31:49]} 4... a6 {[%clk 1:31:44]} 5. Bd3 {[%clk 1:32:12]} 5... Ngf6 {
[%clk 1:31:51]} 6. Re1 {[%clk 1:31:59]} 6... g6 {[%clk 1:31:27]} 7. c3 { [%clk
1:30:59]} 7... Bg7 {[%clk 1:31:43]} 8. Bc2 {[%clk 1:29:23]} 8... O-O { [%clk
1:32:07]} 9. d4 {[%clk 1:29:47]} 9... cxd4 {[%clk 1:32:32]} 10. cxd4 { [%clk
1:30:13]} 10... b5 {[%clk 1:32:33]} 11. a3 {[%clk 1:25:54]} 11... Nb6 { [%clk
1:32:10]} 12. Nc3 {[%clk 1:25:38]} 12... Bb7 {[%clk 1:32:32]} 13. Qe2 { [%clk
1:23:55]} 13... Re8 {[%clk 1:31:35]} 14. Bg5 {[%clk 1:17:41]} 14... e5 { [%clk
1:20:21]} 15. dxe5 {[%clk 1:14:56]} 15... dxe5 {[%clk 1:20:22]} 16. Red1 {[%clk
1:14:37]} 16... Qc7 {[%clk 1:19:34]} 17. Rac1 {[%clk 1:14:07]} 17... h6 {[%clk
1:14:00]} 18. Bxf6 {[%clk 1:13:34]} 18... Bxf6 {[%clk 1:13:57]} 19. Bb3 {[%clk
1:13:09]} 19... Qe7 {[%clk 1:11:04]} 20. Qe3 {[%clk 1:09:53]} 20... Nc4 {[%clk
0:49:33]} 21. Bxc4 {[%clk 1:09:29]} 21... bxc4 {[%clk 0:50:02]} 22. Nd5 {[%clk
1:07:09]} 22... Bxd5 {[%clk 0:50:17]} 23. Rxd5 {[%clk 1:07:17]} 23... Rab8
{[%clk 0:32:05]} 24. Rxc4 {[%clk 0:56:08]} 24... Rxb2 {[%clk 0:31:28]} 25. g3
{[%clk 0:49:35]} 25... Reb8 {[%clk 0:28:43]} 26. Qc5 {[%clk 0:37:55]} 26...
R2b3 {[%clk 0:22:03]} 27. Qxe7 {[%clk 0:33:55]} 27... Bxe7 {[%clk 0:22:28]} 28.
Nxe5 {[%clk 0:34:16]} 28... Bxa3 {[%clk 0:14:27]} 29. Rc7 {[%clk 0:31:42]}
29... R3b7 {[%clk 0:14:08]} 30. Rxb7 {[%clk 0:30:40]} 30... Rxb7 { [%clk
0:14:30]} 31. Ra5 {[%clk 0:30:23]} 31... Rb5 {[%clk 0:13:31]} 32. Rxa3 { [%clk
0:29:31]} 32... Rxe5 {[%clk 0:13:55]} 33. Rxa6 {[%clk 0:28:54]} 1/2-1/2

[Event "ODJM A 2017"]
[Site "Willingen GER"]
[Date "2017.06.07"]
[Round "6"]
[White "Sabirov, Ramil"]
[Black "Isler, Benjamin"]
[Result "1-0"]
[Termination "normal"]
[Board "5"]
[WhiteElo "2038"]
[BlackElo "1740"]
[WhiteClock "00:29:18"]
[BlackClock "00:45:10"]
[PlyCount "91"]
[WhiteFideId "12900303"]
[BlackFideId "12975478"]
[EventCountry "GER"]
[EventRounds "9"]
[EventType "swiss"]
[EventDate "2017.06.03"]

1. e4 {[%clk 1:30:58]} 1... e6 {[%clk 1:30:37]} 2. Qe2 {[%clk 1:31:24]} 2... c5
{[%clk 1:28:09]} 3. Nf3 {[%clk 1:29:46]} 3... Nc6 {[%clk 1:28:21]} 4. d3 {
[%clk 1:30:12]} 4... Bd6 {[%clk 1:23:30]} 5. g3 {[%clk 1:29:25]} 5... Nge7 {
[%clk 1:23:19]} 6. Bg2 {[%clk 1:29:16]} 6... O-O {[%clk 1:22:52]} 7. O-O {
[%clk 1:29:34]} 7... Bc7 {[%clk 1:22:45]} 8. c3 {[%clk 1:23:49]} 8... d5 {
[%clk 1:22:01]} 9. Re1 {[%clk 1:21:40]} 9... d4 {[%clk 1:21:37]} 10. a4 { [%clk
1:05:56]} 10... e5 {[%clk 1:19:43]} 11. Na3 {[%clk 1:03:26]} 11... f6 { [%clk
1:17:20]} 12. Bd2 {[%clk 0:58:02]} 12... Be6 {[%clk 1:17:23]} 13. cxd4 { [%clk
0:49:08]} 13... Nxd4 {[%clk 1:11:38]} 14. Nxd4 {[%clk 0:49:32]} 14... Qxd4
{[%clk 1:10:17]} 15. b4 {[%clk 0:43:21]} 15... cxb4 {[%clk 1:06:02]} 16. Nb5
{[%clk 0:43:14]} 16... Qd7 {[%clk 1:05:40]} 17. Bxb4 {[%clk 0:41:47]} 17...
Rfc8 {[%clk 1:04:55]} 18. Bxe7 {[%clk 0:27:39]} 18... Qxe7 {[%clk 1:05:06]} 19.
Rec1 {[%clk 0:21:37]} 19... a6 {[%clk 1:04:39]} 20. Nc3 {[%clk 0:17:27]} 20...
Bb6 {[%clk 1:03:28]} 21. Nd5 {[%clk 0:17:03]} 21... Bxd5 {[%clk 1:01:49]} 22.
exd5 {[%clk 0:10:11]} 22... Bc5 {[%clk 0:56:57]} 23. d6 {[%clk 0:08:33]} 23...
Bxd6 {[%clk 0:56:38]} 24. Bd5+ {[%clk 0:08:59]} 24... Kf8 {[%clk 0:56:15]} 25.
Qe4 {[%clk 0:07:27]} 25... g6 {[%clk 0:54:31]} 26. Bxb7 {[%clk 0:07:02]} 26...
Rxc1+ {[%clk 0:52:57]} 27. Rxc1 {[%clk 0:07:29]} 27... Rb8 {[%clk 0:50:22]} 28.
Bxa6 {[%clk 0:06:55]} 28... Qa7 {[%clk 0:46:20]} 29. Bb5 {[%clk 0:04:53]} 29...
Qb7 {[%clk 0:37:57]} 30. Rc6 {[%clk 0:04:20]} 30... Be7 {[%clk 0:38:05]} 31.
Qd5 {[%clk 0:03:15]} 31... Kg7 {[%clk 0:35:16]} 32. Qc4 {[%clk 0:03:13]} 32...
Bd8 {[%clk 0:34:51]} 33. h4 {[%clk 0:02:25]} 33... Bb6 {[%clk 0:33:20]} 34. Qe6
{[%clk 0:02:17]} 34... Bd8 {[%clk 0:32:12]} 35. Rd6 {[%clk 0:02:19]} 35... Qf3
{[%clk 0:26:47]} 36. Rd7+ {[%clk 0:02:40]} 36... Kh6 {[%clk 0:27:10]} 37. Qf7 {
[%clk 0:03:02]} 37... Kh5 {[%clk 0:26:59]} 38. Qe6 {[%clk 0:01:54]} 38... f5 {
[%clk 0:27:27]} 39. Qc4 {[%clk 0:01:27]} 39... e4 {[%clk 0:26:24]} 40. dxe4 {
[%clk 0:01:18]} 40... Rxb5 {[%clk 0:20:12]} 41. Rxh7+ {[%clk 0:28:16]} 41...
Kg4 {[%clk 0:49:42]} 42. exf5+ {[%clk 0:28:30]} 42... Kh3 {[%clk 0:49:44]} 43.
Qf1+ {[%clk 0:28:56]} 43... Kg4 {[%clk 0:50:06]} 44. axb5 {[%clk 0:29:21]}
44... Bb6 {[%clk 0:50:02]} 45. Kh2 {[%clk 0:28:54]} 45... Kxf5 {[%clk 0:45:10]}
46. Rf7+ {[%clk 0:29:18]} 1-0

[Event "ODJM A 2017"]
[Site "Willingen GER"]
[Date "2017.06.07"]
[Round "6"]
[White "Schimnatkowski, Lukas"]
[Black "Koch, Yannick"]
[Result "0-1"]
[Termination "normal"]
[Board "6"]
[WhiteElo "2021"]
[BlackElo "1927"]
[WhiteClock "00:45:40"]
[BlackClock "00:28:02"]
[PlyCount "40"]
[WhiteFideId "12936723"]
[BlackFideId "24661678"]
[EventCountry "GER"]
[EventRounds "9"]
[EventType "swiss"]
[EventDate "2017.06.03"]

1. c4 {[%clk 1:30:57]} 1... e6 {[%clk 1:27:56]} 2. g3 {[%clk 1:31:05]} 2... Nf6
{[%clk 1:27:58]} 3. Bg2 {[%clk 1:31:27]} 3... d5 {[%clk 1:28:15]} 4. cxd5 {
[%clk 1:31:19]} 4... exd5 {[%clk 1:28:30]} 5. Nf3 {[%clk 1:31:37]} 5... Be7 {
[%clk 1:27:27]} 6. O-O {[%clk 1:31:21]} 6... O-O {[%clk 1:27:32]} 7. d3 { [%clk
1:28:46]} 7... c5 {[%clk 1:22:14]} 8. Qc2 {[%clk 1:16:32]} 8... Nc6 { [%clk
1:19:47]} 9. a3 {[%clk 1:16:29]} 9... Bf5 {[%clk 1:07:09]} 10. b3 { [%clk
1:06:45]} 10... Rc8 {[%clk 1:04:32]} 11. Nbd2 {[%clk 1:05:04]} 11... b5 { [%clk
0:57:40]} 12. Qb1 {[%clk 1:01:39]} 12... d4 {[%clk 0:48:06]} 13. Re1 { [%clk
0:46:14]} 13... Nd5 {[%clk 0:45:39]} 14. e4 {[%clk 0:45:50]} 14... dxe3 { [%clk
0:38:37]} 15. fxe3 {[%clk 0:45:34]} 15... Nc3 {[%clk 0:36:50]} 16. Qb2 { [%clk
0:45:34]} 16... Bf6 {[%clk 0:35:44]} 17. d4 {[%clk 0:45:06]} 17... cxd4 { [%clk
0:35:40]} 18. e4 {[%clk 0:45:27]} 18... d3 {[%clk 0:30:23]} 19. e5 { [%clk
0:45:19]} 19... Bxe5 {[%clk 0:27:46]} 20. Nxe5 {[%clk 0:45:40]} 20... Qd4+
{[%clk 0:28:02]} 0-1

[Event "ODJM A 2017"]
[Site "Willingen GER"]
[Date "2017.06.07"]
[Round "6"]
[White "Hecht, Carsten"]
[Black "Fistoul, Boris"]
[Result "1-0"]
[Termination "normal"]
[Board "7"]
[WhiteElo "2232"]
[BlackElo "1902"]
[WhiteClock "00:04:54"]
[BlackClock "00:00:42"]
[PlyCount "55"]
[WhiteFideId "24693928"]
[BlackFideId "12953962"]
[EventCountry "GER"]
[EventRounds "9"]
[EventType "swiss"]
[EventDate "2017.06.03"]

1. e4 {[%clk 1:30:58]} 1... e6 {[%clk 1:29:40]} 2. d4 {[%clk 1:31:23]} 2... b6
{[%clk 1:29:52]} 3. Nf3 {[%clk 1:31:45]} 3... Bb7 {[%clk 1:30:00]} 4. Bd3 {
[%clk 1:32:08]} 4... Nf6 {[%clk 1:29:07]} 5. Qe2 {[%clk 1:32:25]} 5... Be7 {
[%clk 1:28:37]} 6. O-O {[%clk 1:31:21]} 6... c5 {[%clk 1:27:33]} 7. c3 { [%clk
1:30:30]} 7... Nc6 {[%clk 1:24:29]} 8. a3 {[%clk 1:29:55]} 8... O-O { [%clk
1:16:06]} 9. Nbd2 {[%clk 1:27:17]} 9... d5 {[%clk 1:08:47]} 10. e5 { [%clk
1:26:37]} 10... Ne8 {[%clk 1:08:48]} 11. Re1 {[%clk 1:25:27]} 11... Nc7 { [%clk
1:06:05]} 12. Nf1 {[%clk 1:17:58]} 12... f5 {[%clk 1:01:14]} 13. exf6 { [%clk
1:16:20]} 13... gxf6 {[%clk 1:01:33]} 14. Ng3 {[%clk 0:51:41]} 14... Bd6 {[%clk
0:52:17]} 15. Nh4 {[%clk 0:28:29]} 15... f5 {[%clk 0:26:36]} 16. Qh5 { [%clk
0:22:36]} 16... Qe8 {[%clk 0:24:32]} 17. Qh6 {[%clk 0:13:57]} 17... Qf7 { [%clk
0:22:06]} 18. Nf3 {[%clk 0:14:15]} 18... Rae8 {[%clk 0:17:22]} 19. Nxf5 { [%clk
0:09:28]} 19... exf5 {[%clk 0:10:14]} 20. Qxd6 {[%clk 0:09:57]} 20... cxd4
{[%clk 0:09:51]} 21. Bh6 {[%clk 0:08:54]} 21... Rxe1+ {[%clk 0:04:05]} 22. Rxe1
{[%clk 0:09:19]} 22... Re8 {[%clk 0:03:37]} 23. Qg3+ {[%clk 0:07:35]} 23... Kh8
{[%clk 0:02:48]} 24. Rxe8+ {[%clk 0:07:49]} 24... Nxe8 { [%clk 0:03:09]} 25.
cxd4 {[%clk 0:07:10]} 25... Qe6 {[%clk 0:01:50]} 26. Be3 { [%clk 0:06:40]}
26... Nf6 {[%clk 0:01:07]} 27. Ng5 {[%clk 0:04:56]} 27... Qd7 { [%clk 0:00:42]}
28. Bxf5 {[%clk 0:04:54]} 1-0

[Event "ODJM A 2017"]
[Site "Willingen GER"]
[Date "2017.06.07"]
[Round "6"]
[White "Denisov, Vladislav"]
[Black "Steffens, Oliver"]
[Result "1/2-1/2"]
[Termination "normal"]
[Board "8"]
[WhiteElo "2172"]
[BlackElo "1948"]
[PlyCount "77"]
[WhiteFideId "4100867"]
[BlackFideId "12947148"]
[EventCountry "GER"]
[EventRounds "9"]
[EventType "swiss"]
[EventDate "2017.06.03"]

1. e4 e5 2. g3 Nf6 3. Bg2 d5 4. exd5 Nxd5 5. d3 Nc6 6. Bd2 Be6 7. Nc3 f6 8.
Nge2 Bc5 9. O-O a6 10. a3 a5 11. Kh1 Qd7 12. f4 O-O-O 13. b4 Bb6 14. bxa5 Nxa5
15. fxe5 fxe5 16. Ne4 Bh3 17. Bxh3 Qxh3 18. N2c3 Qe6 19. Nxd5 Qxd5 20. Qf3 Nc6
21. Bc3 Bd4 22. Bxd4 Nxd4 23. Qg2 Rhf8 24. Rxf8 Rxf8 25. c4 Qf7 26. Nd2 Qf2 27.
Rb1 c6 28. Qh3+ Qf5 29. Qxf5+ Rxf5 30. Ne4 Rf3 31. Nc5 Rf2 32. Kg1 Rd2 33. Rf1
b6 34. Rf8+ Kc7 35. Rf7+ Kd8 36. Ne4 Rd1+ 37. Kg2 Ne6 38. Nf2 Ra1 39. Ra7
1/2-1/2

[Event "ODJM A 2017"]
[Site "Willingen GER"]
[Date "2017.06.07"]
[Round "6"]
[White "Weber, Daniel"]
[Black "Dechant, Georg"]
[Result "1-0"]
[Termination "normal"]
[Board "9"]
[WhiteElo "2058"]
[BlackElo "2031"]
[WhiteClock "00:25:41"]
[BlackClock "00:48:53"]
[PlyCount "69"]
[WhiteFideId "24615498"]
[BlackFideId "12956716"]
[EventCountry "GER"]
[EventRounds "9"]
[EventType "swiss"]
[EventDate "2017.06.03"]

1. d4 {[%clk 1:30:55]} 1... Nf6 {[%clk 1:30:53]} 2. Nf3 {[%clk 1:31:13]} 2...
g6 {[%clk 1:31:17]} 3. Nc3 {[%clk 1:31:32]} 3... d5 {[%clk 1:31:40]} 4. Bf4 {
[%clk 1:31:43]} 4... Bg7 {[%clk 1:31:31]} 5. e3 {[%clk 1:28:25]} 5... O-O {
[%clk 1:31:46]} 6. Be2 {[%clk 1:28:39]} 6... c6 {[%clk 1:26:43]} 7. Ne5 { [%clk
1:27:25]} 7... Nbd7 {[%clk 1:25:19]} 8. h4 {[%clk 1:16:55]} 8... Nxe5 { [%clk
1:07:42]} 9. Bxe5 {[%clk 1:15:41]} 9... Ne4 {[%clk 1:07:59]} 10. Bxg7 { [%clk
1:14:14]} 10... Nxc3 {[%clk 1:08:23]} 11. bxc3 {[%clk 1:14:36]} 11... Kxg7
{[%clk 1:08:50]} 12. h5 {[%clk 1:13:50]} 12... Qa5 {[%clk 1:03:11]} 13. Qd2
{[%clk 1:13:22]} 13... c5 {[%clk 1:02:47]} 14. hxg6 {[%clk 1:11:04]} 14... fxg6
{[%clk 1:02:19]} 15. e4 {[%clk 1:11:08]} 15... Kg8 {[%clk 1:00:11]} 16. exd5
{[%clk 1:07:59]} 16... cxd4 {[%clk 0:59:41]} 17. Qxd4 {[%clk 1:07:43]} 17...
Rf4 {[%clk 0:55:58]} 18. Qd2 {[%clk 1:04:06]} 18... Rf5 {[%clk 0:48:06]} 19.
O-O {[%clk 0:59:22]} 19... e6 {[%clk 0:47:25]} 20. dxe6 {[%clk 0:44:27]} 20...
Bxe6 {[%clk 0:47:49]} 21. Bg4 {[%clk 0:44:27]} 21... Rf6 {[%clk 0:46:31]} 22.
Bxe6+ {[%clk 0:39:10]} 22... Rxe6 {[%clk 0:46:56]} 23. Qd7 {[%clk 0:39:34]}
23... Qb6 {[%clk 0:46:59]} 24. Rab1 {[%clk 0:38:41]} 24... Rd6 {[%clk 0:47:15]}
25. Qxb7 {[%clk 0:32:53]} 25... Qxb7 {[%clk 0:47:33]} 26. Rxb7 {[%clk 0:33:14]}
26... Ra6 {[%clk 0:47:44]} 27. Rd1 {[%clk 0:31:51]} 27... Rxa2 {[%clk 0:47:26]}
28. Rdd7 {[%clk 0:31:21]} 28... Rxc2 {[%clk 0:47:37]} 29. Rg7+ {[%clk 0:31:41]}
29... Kf8 {[%clk 0:47:59]} 30. Rxh7 {[%clk 0:32:06]} 30... Kg8 {[%clk 0:48:22]}
31. Rbg7+ {[%clk 0:31:08]} 31... Kf8 {[%clk 0:48:44]} 32. Rf7+ {[%clk 0:30:56]}
32... Kg8 {[%clk 0:48:45]} 33. Rfg7+ {[%clk 0:31:22]} 33... Kf8 {[%clk 0:49:05]
} 34. Rxg6 {[%clk 0:30:36]} 34... a5 {[%clk 0:48:53]} 35. Rh8+ {[%clk 0:25:41]}
1-0

[Event "ODJM A 2017"]
[Site "Willingen GER"]
[Date "2017.06.07"]
[Round "6"]
[White "Weinkauf, Viktor"]
[Black "Diller, Daniel"]
[Result "0-1"]
[Termination "normal"]
[Board "10"]
[WhiteElo "1732"]
[BlackElo "1976"]
[WhiteClock "00:22:09"]
[BlackClock "00:21:51"]
[PlyCount "110"]
[WhiteFideId "1272036"]
[BlackFideId "12908983"]
[EventCountry "GER"]
[EventRounds "9"]
[EventType "swiss"]
[EventDate "2017.06.03"]

1. Nf3 {[%clk 1:30:57]} 1... d5 {[%clk 1:30:36]} 2. d4 {[%clk 1:31:22]} 2...
Nf6 {[%clk 1:30:50]} 3. c4 {[%clk 1:31:46]} 3... c6 {[%clk 1:30:57]} 4. Qc2 {
[%clk 1:31:42]} 4... g6 {[%clk 1:24:57]} 5. Bf4 {[%clk 1:29:52]} 5... Bg7 {
[%clk 1:22:59]} 6. Nc3 {[%clk 1:25:56]} 6... dxc4 {[%clk 1:16:50]} 7. e4 {
[%clk 1:16:37]} 7... b5 {[%clk 0:36:25]} 8. a4 {[%clk 1:12:35]} 8... b4 { [%clk
0:36:34]} 9. Nb1 {[%clk 1:08:09]} 9... O-O {[%clk 0:32:37]} 10. Bxc4 { [%clk
1:06:54]} 10... a5 {[%clk 0:29:18]} 11. Nbd2 {[%clk 0:59:22]} 11... Nbd7 {[%clk
0:29:03]} 12. O-O 12... Nh5 {[%clk 0:28:46]} 13. Bg5 {[%clk 0:51:54]} 13... h6
{[%clk 0:27:47]} 14. Be3 {[%clk 0:51:59]} 14... Nhf6 {[%clk 0:23:19]} 15. Rac1
{[%clk 0:45:19]} 15... Ng4 {[%clk 0:18:11]} 16. Rfd1 {[%clk 0:34:10]} 16...
Nxe3 {[%clk 0:17:24]} 17. fxe3 {[%clk 0:34:38]} 17... Bb7 {[%clk 0:14:25] } 18.
e5 {[%clk 0:29:44]} 18... Nb6 {[%clk 0:12:31]} 19. e6 {[%clk 0:19:40]} 19... f5
{[%clk 0:12:08]} 20. Nb3 {[%clk 0:16:45]} 20... Nxa4 {[%clk 0:10:47]} 21. Nc5
{[%clk 0:16:39]} 21... Nxc5 {[%clk 0:10:12]} 22. dxc5 {[%clk 0:17:07]} 22...
Qb8 {[%clk 0:08:55]} 23. Rd7 {[%clk 0:15:57]} 23... Bf6 {[%clk 0:09:18]} 24. g4
{[%clk 0:16:05]} 24... Bc8 {[%clk 0:08:02]} 25. gxf5 {[%clk 0:15:45]} 25...
Bxd7 {[%clk 0:06:51]} 26. exd7+ {[%clk 0:16:14]} 26... Kh8 { [%clk 0:07:20]}
27. fxg6 {[%clk 0:14:31]} 27... Bg7 {[%clk 0:07:45]} 28. Ng5 { [%clk 0:12:10]}
28... Qe5 {[%clk 0:06:08]} 29. Nf7+ {[%clk 0:07:13]} 29... Rxf7 {[%clk
0:06:34]} 30. Bxf7 {[%clk 0:07:38]} 30... Qxe3+ {[%clk 0:06:43]} 31. Kf1 {[%clk
0:07:26]} 31... Qf3+ {[%clk 0:06:10]} 32. Ke1 {[%clk 0:07:02]} 32... Bf6 {[%clk
0:05:53]} 33. Qe2 {[%clk 0:05:56]} 33... Qh1+ {[%clk 0:05:03]} 34. Qf1 { [%clk
0:05:36]} 34... Bh4+ {[%clk 0:04:44]} 35. Kd2 {[%clk 0:04:39]} 35... Bg5+
{[%clk 0:04:27]} 36. Kc2 {[%clk 0:04:55]} 36... Qe4+ {[%clk 0:04:42]} 37. Kb3 {
[%clk 0:04:25]} 37... Qe3+ {[%clk 0:04:15]} 38. Kc2 {[%clk 0:04:27]} 38...
Qxc5+ {[%clk 0:03:21]} 39. Kb1 {[%clk 0:04:56]} 39... Qxc1+ {[%clk 0:03:31]}
40. Qxc1 {[%clk 0:05:24]} 40... Bxc1 {[%clk 0:03:53]} 41. Kxc1 {[%clk 0:05:50]}
41... Rd8 {[%clk 0:28:16]} 42. Be8 {[%clk 0:36:47]} 42... Kg7 {[%clk 0:27:58]}
43. Kc2 {[%clk 0:30:15]} 43... a4 {[%clk 0:27:04]} 44. Kd3 {[%clk 0:30:43]}
44... a3 {[%clk 0:25:57]} 45. bxa3 {[%clk 0:31:10]} 45... bxa3 {[%clk 0:26:22]}
46. Kc3 {[%clk 0:30:58]} 46... Kf8 {[%clk 0:24:04]} 47. Kb3 {[%clk 0:31:26]}
47... Ra8 {[%clk 0:23:43]} 48. Ka2 {[%clk 0:31:25]} 48... e5 {[%clk 0:23:30]}
49. d8=Q {[%clk 0:22:13]} 49... Rxd8 {[%clk 0:22:16]} 50. Bxc6 {[%clk 0:22:41]}
50... Rd3 {[%clk 0:21:46]} 51. h4 {[%clk 0:23:04]} 51... Rh3 {[%clk 0:21:44]}
52. h5 {[%clk 0:21:12]} 52... Rxh5 {[%clk 0:21:20]} 53. Kxa3 {[%clk 0:21:40]}
53... Rg5 {[%clk 0:21:35]} 54. Be4 {[%clk 0:21:42]} 54... Kg7 {[%clk 0:21:32]}
55. Kb4 {[%clk 0:22:09]} 55... Rg4 {[%clk 0:21:51]} 0-1

[Event "ODJM A 2017"]
[Site "Willingen GER"]
[Date "2017.06.07"]
[Round "6"]
[White "Knudsen, Simon"]
[Black "Zell, Mirjam"]
[Result "0-1"]
[Termination "normal"]
[Board "11"]
[WhiteElo "2004"]
[BlackElo "1669"]
[WhiteClock "01:09:15"]
[BlackClock "00:20:27"]
[PlyCount "110"]
[WhiteFideId "12985546"]
[BlackFideId "16208544"]
[EventCountry "GER"]
[EventRounds "9"]
[EventType "swiss"]
[EventDate "2017.06.03"]

1. e4 {[%clk 1:30:55]} 1... e5 {[%clk 1:30:52]} 2. Nf3 {[%clk 1:23:27]} 2...
Nc6 {[%clk 1:31:10]} 3. Bb5 {[%clk 1:22:19]} 3... a6 {[%clk 1:30:21]} 4. Ba4 {
[%clk 1:22:43]} 4... Nf6 {[%clk 1:29:44]} 5. O-O {[%clk 1:23:06]} 5... b5 {
[%clk 1:29:20]} 6. Bb3 {[%clk 1:23:27]} 6... Be7 {[%clk 1:28:44]} 7. Re1 {
[%clk 1:21:54]} 7... d6 {[%clk 1:25:09]} 8. c3 {[%clk 1:20:10]} 8... O-O {
[%clk 1:24:37]} 9. h3 {[%clk 1:20:32]} 9... Na5 {[%clk 1:24:26]} 10. Bc2 {
[%clk 1:20:06]} 10... c5 {[%clk 1:23:51]} 11. d3 {[%clk 1:20:11]} 11... Re8 {
[%clk 1:23:39]} 12. Nbd2 {[%clk 1:20:26]} 12... Bf8 {[%clk 1:23:23]} 13. Nf1 {
[%clk 1:20:46]} 13... g6 {[%clk 1:23:31]} 14. d4 {[%clk 1:15:48]} 14... Qc7 {
[%clk 1:21:05]} 15. Bg5 {[%clk 1:14:39]} 15... Bg7 16. Ne3 {[%clk 1:14:50]}
16... Bb7 {[%clk 1:18:52]} 17. d5 {[%clk 1:13:24]} 17... Bc8 18. Nd2 { [%clk
1:13:02]} 18... h6 {[%clk 1:14:13]} 19. Bh4 {[%clk 1:07:28]} 19... Nh5 { [%clk
1:09:06]} 20. a4 Bd7 21. f3 {[%clk 1:02:11]} 21... Nb7 {[%clk 1:04:18]} 22. c4
{[%clk 1:00:37]} 22... b4 {[%clk 1:01:43]} 23. Ndf1 {[%clk 0:59:33]} 23... Kh7
{[%clk 0:52:37]} 24. Kh2 {[%clk 0:59:48]} 24... Rf8 {[%clk 0:49:22]} 25. Bf2
{[%clk 0:58:00]} 25... Qd8 {[%clk 0:49:29]} 26. Qb1 {[%clk 0:56:14]} 26... Qg5
{[%clk 0:45:50]} 27. Ng4 {[%clk 0:53:38]} 27... Kh8 {[%clk 0:42:26]} 28. Be3
{[%clk 0:52:16]} 28... Qe7 {[%clk 0:38:23]} 29. Nxh6 {[%clk 0:51:50]} 29... Nf4
{[%clk 0:32:20]} 30. Ng4 {[%clk 0:51:39]} 30... Qh4 {[%clk 0:29:43]} 31. Nf2
{[%clk 0:50:34]} 31... Qh7 {[%clk 0:28:54]} 32. Ng3 {[%clk 0:50:29]} 32... Bf6
{[%clk 0:28:35]} 33. Ne2 {[%clk 0:49:29]} 33... g5 {[%clk 0:23:32]} 34. Ng3
{[%clk 0:49:45]} 34... Kg7 {[%clk 0:22:08]} 35. Nf5+ {[%clk 0:49:43]} 35...
Bxf5 {[%clk 0:22:08]} 36. exf5 {[%clk 0:50:09]} 36... Rh8 {[%clk 0:20:59] } 37.
Bd3 {[%clk 0:50:18]} 37... Na5 {[%clk 0:19:17]} 38. Qc2 {[%clk 0:50:28]} 38...
Nb7 {[%clk 0:18:48]} 39. Bf1 {[%clk 0:50:50]} 39... Kf8 {[%clk 0:17:35]} 40.
Qe4 {[%clk 0:50:48]} 40... Nh5 {[%clk 0:16:37]} 41. Qg4 {[%clk 0:50:50]} 41...
Nf4 {[%clk 0:11:21]} 42. Ne4 {[%clk 0:49:18]} 42... Ke7 {[%clk 0:08:49]} 43.
Nxf6 {[%clk 0:48:37]} 43... Kxf6 {[%clk 0:09:05]} 44. g3 {[%clk 0:48:59]} 44...
Rag8 {[%clk 0:08:38]} 45. a5 {[%clk 0:45:39]} 45... Qh6 {[%clk 0:06:50]} 46. b3
{[%clk 0:45:16]} 46... Nd8 {[%clk 0:02:35]} 47. Ra2 {[%clk 0:45:38]} 47... Nh5
{[%clk 0:01:53]} 48. Bc1 {[%clk 0:43:49]} 48... Ke7 {[%clk 0:01:15]} 49. Bd2
{[%clk 0:39:35]} 49... Nf6 {[%clk 0:30:10]} 50. Bxg5 {[%clk 1:08:46]} 50...
Rxg5 {[%clk 0:28:47]} 51. Qf4 {[%clk 1:09:11]} 51... Kd7 {[%clk 0:27:47]} 52.
Rxe5 {[%clk 1:08:54]} 52... dxe5 {[%clk 0:26:12]} 53. Qxe5 {[%clk 1:09:19]}
53... Nb7 {[%clk 0:23:20]} 54. d6 {[%clk 1:08:49]} 54... Re8 {[%clk 0:23:02]}
55. Qf4 {[%clk 1:09:15]} 55... Nh5 {[%clk 0:20:27]} 0-1

[Event "ODJM A 2017"]
[Site "Willingen GER"]
[Date "2017.06.07"]
[Round "6"]
[White "Ostra, Noah"]
[Black "Arndt, Magnus"]
[Result "0-1"]
[Termination "normal"]
[Board "12"]
[WhiteElo "1647"]
[BlackElo "2017"]
[WhiteClock "01:03:57"]
[BlackClock "01:22:10"]
[PlyCount "40"]
[WhiteFideId "16228979"]
[BlackFideId "12998656"]
[EventCountry "GER"]
[EventRounds "9"]
[EventType "swiss"]
[EventDate "2017.06.03"]

1. e4 {[%clk 1:30:59]} 1... e5 {[%clk 1:30:55]} 2. Nf3 {[%clk 1:31:24]} 2...
Nc6 {[%clk 1:31:20]} 3. Bb5 {[%clk 1:31:51]} 3... a6 {[%clk 1:31:46]} 4. Ba4 {
[%clk 1:32:18]} 4... Nf6 {[%clk 1:32:09]} 5. O-O {[%clk 1:32:43]} 5... Be7 {
[%clk 1:32:34]} 6. Re1 {[%clk 1:33:07]} 6... b5 {[%clk 1:32:58]} 7. Bb3 { [%clk
1:33:34]} 7... O-O {[%clk 1:33:22]} 8. c3 {[%clk 1:33:59]} 8... d5 { [%clk
1:33:34]} 9. exd5 {[%clk 1:34:22]} 9... Nxd5 {[%clk 1:34:01]} 10. Nxe5 { [%clk
1:34:45]} 10... Nxe5 {[%clk 1:34:25]} 11. Rxe5 {[%clk 1:35:12]} 11... c6 {[%clk
1:34:47]} 12. d4 {[%clk 1:35:19]} 12... Bd6 {[%clk 1:35:03]} 13. Re1 { [%clk
1:35:44]} 13... Qh4 {[%clk 1:35:29]} 14. g3 {[%clk 1:36:10]} 14... Qh3 { [%clk
1:35:55]} 15. Nd2 {[%clk 1:34:46]} 15... Bg4 {[%clk 1:29:13]} 16. f3 { [%clk
1:07:23]} 16... Bxg3 {[%clk 1:25:28]} 17. hxg3 {[%clk 1:07:26]} 17... Qxg3+
{[%clk 1:25:20]} 18. Kh1 {[%clk 1:03:25]} 18... Nf4 {[%clk 1:24:14]} 19. Re2
{[%clk 1:03:38]} 19... Bxf3+ {[%clk 1:21:42]} 20. Nxf3 {[%clk 1:03:57]} 20...
Qxf3+ {[%clk 1:22:10]} 0-1

[Event "ODJM A 2017"]
[Site "Willingen GER"]
[Date "2017.06.07"]
[Round "6"]
[White "Schnabel, Bennett"]
[Black "Gorainow, Nikita"]
[Result "1/2-1/2"]
[Termination "normal"]
[Board "13"]
[WhiteElo "2137"]
[BlackElo "1812"]
[PlyCount "41"]
[WhiteFideId "12943290"]
[BlackFideId "12970093"]
[EventCountry "GER"]
[EventRounds "9"]
[EventType "swiss"]
[EventDate "2017.06.03"]

1. e4 c5 2. c3 Nf6 3. e5 Nd5 4. d4 cxd4 5. cxd4 Nc6 6. Nf3 d6 7. Bc4 Nb6 8. Bb5
dxe5 9. Nxe5 Bd7 10. Nxd7 Qxd7 11. Nc3 e6 12. O-O Rd8 13. Bg5 Be7 14. Bxe7 Qxe7
15. Qg4 O-O 16. Rfd1 Qb4 17. Bxc6 bxc6 18. Rd3 Qxb2 19. Rb1 Qc2 20. Rg3 g6 21.
Rf1 1/2-1/2